[Event "Aberto Brasil - II Niterói Chess Open "]
[Site "Salão de Convenções do Hot"]
[Date "2022.09.04"]
[Round "6.60"]
[White "De Oliveira, Sergio Patricio"]
[Black "Domingues, Pedro Henrique Da S"]
[Result "0-1"]
[WhiteElo "1605"]
[BlackElo "1841"]
[PlyCount "106"]
[EventDate "2022.09.01"]
[EventRounds "9"]
[EventCountry "BRA"]

1. d4 Nf6 2. c4 g6 3. Nc3 Bg7 4. e4 d6 5. h3 O-O 6. Be3 Na6 7. Nf3 c5 8. d5 Nc7
9. a4 a6 10. Bd3 Rb8 11. O-O Bd7 12. e5 Nfe8 13. Qd2 dxe5 14. Bxc5 Nd6 15. Rfe1
f6 16. a5 Qc8 17. Kh2 Ncb5 18. Na4 Nc7 19. Ba7 Bxa4 20. Bxb8 Bd7 21. Bxc7 Qxc7
22. Rac1 e4 23. Kg1 exf3 24. Rxe7 Qd8 25. Rce1 Nf7 26. c5 Ne5 27. d6 fxg2 28.
Kxg2 Qc8 29. Rxd7 Qxd7 30. Be4 Kh8 31. b4 f5 32. Bd5 f4 33. f3 Rf5 34. Kf2 Bf6
35. Re4 Bh4+ 36. Ke2 Qb5+ 37. Kd1 Nxf3 38. Qc3+ Bf6 39. Qxf3 Rxd5+ 40. Kc1 Rd3
41. Qxf4 Rc3+ 42. Kd1 Qd3+ 43. Ke1 Qb1+ 44. Kf2 Kg7 45. Re2 Rc1 46. Qe4 Rf1+
47. Kg3 Rg1+ 48. Kh2 Qf1 49. Qxb7+ Kh6 50. Qe4 Be5+ 51. Qxe5 Rh1+ 52. Kg3 Rxh3+
53. Kg4 Qf3# 0-1

[Event "Aberto Brasil - II Niterói Chess Open "]
[Site "Salão de Convenções do Hot"]
[Date "2022.09.04"]
[Round "6.64"]
[White "Dioscanio, Rafael Cacador"]
[Black "Marcolino, Antonio Claudio H."]
[Result "0-1"]
[WhiteElo "1787"]
[BlackElo "1996"]
[PlyCount "90"]
[EventDate "2022.09.01"]
[EventRounds "9"]
[EventCountry "BRA"]

1. d4 d5 2. c4 e6 3. Nf3 Nf6 4. g3 dxc4 5. Bg2 a6 6. Qc2 Nbd7 7. a4 Be7 8. O-O
O-O 9. Rd1 Nd5 10. Nbd2 Nb4 11. Qxc4 b5 12. Qb3 Bb7 13. e4 Nf6 14. e5 Ne4 15.
Nxe4 Bxe4 16. Qc3 Nc2 17. Ra2 Qd5 18. b3 Bb4 19. Qb2 Ba3 20. Qc3 Bb4 21. Qb2 c5
22. Bd2 Ba3 23. Qc3 Bb4 24. Qb2 Bxd2 25. Rxd2 Nb4 26. dxc5 Qb7 27. c6 Bxc6 28.
Nh4 Bxg2 29. Nxg2 Nxa2 30. Qxa2 Rfd8 31. Rd6 Rxd6 32. exd6 Qd5 33. Ne3 Qxd6 34.
axb5 Qb6 35. bxa6 Qxa6 36. Qc2 Rc8 37. Nc4 Qc6 38. h4 h5 39. Qe2 Ra8 40. Qd1
Qb5 41. Qf3 Ra1+ 42. Kg2 Qd5 43. Qxd5 exd5 44. Ne3 d4 45. Nc2 d3 0-1

[Event "Aberto Brasil - II Niterói Chess Open "]
[Site "Salão de Convenções do Hot"]
[Date "2022.09.04"]
[Round "6.65"]
[White "Marcolino, Daniel Mattos"]
[Black "Pereira, Armando Scharlau"]
[Result "1-0"]
[WhiteElo "2030"]
[BlackElo "1602"]
[PlyCount "59"]
[EventDate "2022.09.01"]
[EventRounds "9"]
[EventCountry "BRA"]

1. e4 e6 2. d3 c5 3. Nf3 g6 4. d4 cxd4 5. Nxd4 a6 6. Nc3 Bg7 7. Be3 Ne7 8. Qd2
Nbc6 9. f4 d5 10. e5 Nxd4 11. Bxd4 Bd7 12. Be2 Rc8 13. O-O h5 14. Bf3 Qa5 15.
a3 Nf5 16. Bf2 O-O 17. Rad1 Rfd8 18. h3 Qc7 19. g4 hxg4 20. hxg4 Ne7 21. Be3
Nc6 22. Qf2 Re8 23. Bb6 Qb8 24. Qh4 Nxe5 25. fxe5 Bxe5 26. Be4 Kg7 27. Rxf7+
Kxf7 28. Qh7+ Kf8 29. Rf1+ Bf4 30. Bxg6 1-0

[Event "Aberto Brasil - II Niterói Chess Open "]
[Site "Salão de Convenções do Hot"]
[Date "2022.09.04"]
[Round "6.66"]
[White "De Oliveira, Joao Eudes"]
[Black "De Freitas, Isabella Ribeiro Co"]
[Result "0-1"]
[WhiteElo "1643"]
[BlackElo "1888"]
[PlyCount "84"]
[EventDate "2022.09.01"]
[EventRounds "9"]
[EventCountry "BRA"]

1. d4 d5 2. Nf3 Nf6 3. Bg5 e6 4. e3 c5 5. c3 Be7 6. Bd3 O-O 7. O-O Nc6 8. Nbd2
c4 9. Bc2 b5 10. a3 Bb7 11. Qe2 a5 12. e4 dxe4 13. Nxe4 b4 14. h4 Rc8 15. Rfe1
Nd5 16. Bxe7 Ncxe7 17. Nc5 Ba8 18. Bxh7+ Kxh7 19. Ng5+ Kg8 20. Ncxe6 fxe6 21.
Qxe6+ Kh8 22. Nf7+ Rxf7 23. Qxf7 Qf8 24. Qh5+ Kg8 25. Re5 bxc3 26. bxc3 Rc6 27.
Rae1 Rg6 28. g3 Rf6 29. f4 Bc6 30. Rxe7 Nxe7 31. Qxa5 Rg6 32. Kh2 Nf5 33. d5
Bd7 34. Qc7 Bc8 35. Rg1 Nd6 36. Re1 Kh7 37. Re5 Nf5 38. Qxc4 Nxg3 39. Rg5 Rxg5
40. hxg5 Nh5 41. Qb4 Qf5 42. d6 Nxf4 0-1

[Event "Aberto Brasil - II Niterói Chess Open "]
[Site "Salão de Convenções do Hot"]
[Date "2022.09.04"]
[Round "6.67"]
[White "Lisboa, Erico Fagundes Anic"]
[Black "Dias, Matheus Braga"]
[Result "0-1"]
[WhiteElo "1592"]
[BlackElo "1877"]
[PlyCount "26"]
[EventDate "2022.09.01"]
[EventRounds "9"]
[EventCountry "BRA"]

1. d4 Nf6 2. c4 g6 3. Nc3 d5 4. Nf3 Bg7 5. Bg5 Ne4 6. cxd5 Nxg5 7. Nxg5 e6 8.
Nf3 exd5 9. e3 O-O 10. Bd3 b6 11. b4 c5 12. bxc5 bxc5 13. dxc5 Bxc3+ 0-1

[Event "Aberto Brasil - II Niterói Chess Open "]
[Site "Salão de Convenções do Hot"]
[Date "2022.09.04"]
[Round "6.68"]
[White "Petrenko, Willy"]
[Black "Silva, Joao Paulo Gomes"]
[Result "1-0"]
[WhiteElo "1876"]
[BlackElo "1587"]
[PlyCount "59"]
[EventDate "2022.09.01"]
[EventRounds "9"]
[EventCountry "BRA"]

1. e4 c6 2. d4 d5 3. Nc3 dxe4 4. Nxe4 Bf5 5. Ng3 Bg6 6. Nf3 Nd7 7. Bd3 Bxd3 8.
Qxd3 Ngf6 9. h3 e6 10. O-O h6 11. Rd1 Be7 12. c4 O-O 13. Be3 Qc7 14. Rac1 Rad8
15. Qc2 Bd6 16. Ne2 Qb8 17. Nc3 a6 18. a3 Bf4 19. Qd2 Bxe3 20. Qxe3 Rfe8 21.
Ne4 Nxe4 22. Qxe4 Nf6 23. Qe2 Nd7 24. Re1 f6 25. Rc3 Kf8 26. Qc2 Kg8 27. Rce3
e5 28. Qf5 exd4 29. Rxe8+ Rxe8 30. Qxd7 1-0

[Event "Aberto Brasil - II Niterói Chess Open "]
[Site "Salão de Convenções do Hot"]
[Date "2022.09.04"]
[Round "6.69"]
[White "Olivo, Anibal Ribeiro"]
[Black "Cardoso, Lucca Pimenta"]
[Result "1/2-1/2"]
[WhiteElo "1554"]
[BlackElo "1780"]
[PlyCount "171"]
[EventDate "2022.09.01"]
[EventRounds "9"]
[EventCountry "BRA"]

1. e4 c5 2. Nf3 e6 3. d4 cxd4 4. Nxd4 Nf6 5. Nc3 Nc6 6. Ndb5 d6 7. Bf4 e5 8.
Bg5 a6 9. Na3 b5 10. Nd5 Be7 11. Bxf6 Bxf6 12. c4 b4 13. Nc2 a5 14. Nxf6+ Qxf6
15. Be2 O-O 16. O-O Rd8 17. b3 Bb7 18. Qd3 Rac8 19. a3 Qg6 20. Bf3 Ra8 21. axb4
Nxb4 22. Nxb4 axb4 23. Rxa8 Bxa8 24. Ra1 Qg5 25. g3 g6 26. h4 Qe7 27. Ra4 Bc6
28. Ra1 f5 29. Bg2 Qb7 30. f3 f4 31. gxf4 Qe7 32. h5 gxh5 33. f5 Qg5 34. Kf2
Qh4+ 35. Kf1 Qf4 36. Ra6 Qc1+ 37. Kf2 Qc3 38. Qxc3 bxc3 39. Ke2 Bb7 40. Rb6 Rd7
41. Kd3 Rg7 42. Bf1 Rg1 43. Rxb7 Rxf1 44. Kxc3 Rxf3+ 45. Kd2 h4 46. Rd7 h3 47.
Rxd6 Kg7 48. Ke2 h2 49. Rd1 Rxb3 50. Rh1 Rc3 51. Kf2 Rxc4 52. Rxh2 Rxe4 53. Rh5
Ra4 54. Ke3 Ra1 55. Ke4 Re1+ 56. Kd3 Rg1 57. Ke4 Re1+ 58. Kd3 Kf6 59. Rxh7 Kxf5
60. Rf7+ Ke6 61. Rh7 Ra1 62. Ke4 Ra4+ 63. Ke3 Kd6 64. Ke2 Ra3 65. Rh4 Kd5 66.
Ke1 Ra2 67. Rh3 Kd4 68. Kf1 e4 69. Ke1 Rg2 70. Kf1 Rc2 71. Ke1 Rg2 72. Kf1 Ra2
73. Ke1 e3 74. Rh8 Ra5 75. Ke2 Ra2+ 76. Ke1 Kd3 77. Rd8+ Kc4 78. Rc8+ Kd5 79.
Rd8+ Ke4 80. Re8+ Kf3 81. Rf8+ Kg4 82. Rg8+ Kf5 83. Rf8+ Kg6 84. Re8 e2 85.
Rxe2 Rxe2+ 86. Kxe2 1/2-1/2

[Event "Aberto Brasil - II Niterói Chess Open "]
[Site "Salão de Convenções do Hot"]
[Date "2022.09.04"]
[Round "6.70"]
[White "De Souza, Jose Alberto Martim"]
[Black "Flores, Clarice Soares Leit"]
[Result "0-1"]
[WhiteElo "1548"]
[BlackElo "1767"]
[PlyCount "110"]
[EventDate "2022.09.01"]
[EventRounds "9"]
[EventCountry "BRA"]

1. d4 Nf6 2. c4 c5 3. d5 b5 4. b3 e6 5. Nf3 Bb7 6. dxe6 fxe6 7. e3 bxc4 8. Bxc4
Be7 9. O-O O-O 10. Bb2 d5 11. Be2 Ne4 12. Nbd2 Bf6 13. Qc2 Nxd2 14. Qxd2 Nd7
15. Rac1 Rc8 16. Ba3 Qb6 17. Rc2 Rfd8 18. Qc1 e5 19. Nd2 e4 20. Bg4 Be7 21. Rd1
Bd6 22. Nb1 d4 23. Bxd7 Rxd7 24. exd4 Rdc7 25. d5 Ba6 26. Qd2 Bd3 27. Rcc1 c4
28. Bxd6 Qxd6 29. Nc3 cxb3 30. axb3 Qb4 31. d6 Rd7 32. Nd5 Rxc1 33. Qxc1 Qxd6
34. Nc3 Rc7 35. Qa1 Qd4 36. Rc1 Rf7 37. Nd1 Qxa1 38. Rxa1 Rb7 39. h4 Rxb3 40.
Ne3 Rb1+ 41. Rxb1 Bxb1 42. Kf1 a5 43. Nd1 a4 44. Nc3 a3 45. Ke2 a2 46. Nxa2
Bxa2 47. f3 Bc4+ 48. Ke3 exf3 49. Kxf3 Bd5+ 50. Kg3 Kf7 51. Kf2 Bxg2 52. Kxg2
Kg6 53. Kg3 Kf5 54. Kf3 h5 55. Kg3 Ke4 0-1

[Event "Aberto Brasil - II Niterói Chess Open "]
[Site "Salão de Convenções do Hot"]
[Date "2022.09.04"]
[Round "6.71"]
[White "Fernandes, Marcio Rosa"]
[Black "Santiago, Mauro"]
[Result "1-0"]
[WhiteElo "1763"]
[BlackElo "1556"]
[PlyCount "73"]
[EventDate "2022.09.01"]
[EventRounds "9"]
[EventCountry "BRA"]

1. c4 Nf6 2. Nc3 e5 3. d3 Bc5 4. g3 O-O 5. Bg2 c6 6. Nf3 Re8 7. Bg5 h6 8. Bxf6
Qxf6 9. O-O d5 10. cxd5 cxd5 11. Nxd5 Qd6 12. Nc3 a6 13. Ne4 Qb6 14. Nxc5 Qxc5
15. Rc1 Qb6 16. b3 Nc6 17. Nd2 Be6 18. Nc4 Bxc4 19. bxc4 Rad8 20. Rb1 Qc7 21.
e3 Re7 22. Qc2 Qa5 23. Bxc6 bxc6 24. Rfd1 Red7 25. Rb3 c5 26. Qb2 e4 27. d4
cxd4 28. exd4 f5 29. Rb8 Qc7 30. Rxd8+ Rxd8 31. c5 f4 32. Qe2 Re8 33. Qc4+ Kh7
34. d5 f3 35. d6 Qd7 36. c6 Qh3 37. Qf1 1-0

[Event "Aberto Brasil - II Niterói Chess Open "]
[Site "Salão de Convenções do Hot"]
[Date "2022.09.04"]
[Round "6.72"]
[White "Stumpf, Luis Felipe T. Cale"]
[Black "Da Silva, Diogo Viana"]
[Result "0-1"]
[WhiteElo "1536"]
[BlackElo "1750"]
[PlyCount "106"]
[EventDate "2022.09.01"]
[EventRounds "9"]
[EventCountry "BRA"]

1. e4 c5 2. c3 Nf6 3. e5 Nd5 4. d4 cxd4 5. cxd4 e6 6. Nf3 Be7 7. Bc4 d6 8. O-O
Nc6 9. exd6 Qxd6 10. Nc3 Nxc3 11. bxc3 O-O 12. a4 Qc7 13. Qc2 Bd7 14. Ba3 Bxa3
15. Rxa3 Qd6 16. Raa1 Rac8 17. Ng5 g6 18. Ne4 Qe7 19. Qd2 Kg7 20. Rfe1 Na5 21.
Ba2 Nc4 22. Bxc4 Rxc4 23. a5 Bc6 24. Re3 Bxe4 25. Rxe4 Rfc8 26. Re3 Qg5 27. Qe1
Qb5 28. Qc1 Rxd4 29. Rh3 h5 30. Qe3 Ra4 31. Rxa4 Qxa4 32. Qe5+ Kg8 33. f4 Qd1+
34. Kf2 Rd8 35. Re3 Rd2+ 36. Re2 Rxe2+ 37. Qxe2 Qxe2+ 38. Kxe2 Kf8 39. Kd3 Ke7
40. Kd4 Kd6 41. c4 b6 42. axb6 axb6 43. g3 f6 44. h4 Kc6 45. Ke4 Kc5 46. Kd3 b5
47. cxb5 Kxb5 48. Kd4 Kc6 49. Ke4 Kd6 50. Kd4 e5+ 51. fxe5+ fxe5+ 52. Ke4 Ke6
53. Kf3 Kf5 0-1

[Event "Aberto Brasil - II Niterói Chess Open "]
[Site "Salão de Convenções do Hot"]
[Date "2022.09.04"]
[Round "6.73"]
[White "Stival Da Silva, Javier Rodrigo"]
[Black "Da Silva, Joao Carlos Orguim"]
[Result "0-1"]
[WhiteElo "1807"]
[BlackElo "1747"]
[PlyCount "102"]
[EventDate "2022.09.01"]
[EventRounds "9"]
[EventCountry "BRA"]

1. e4 c5 2. Nf3 g6 3. c4 Bg7 4. d4 cxd4 5. Nxd4 Nc6 6. Be3 Nf6 7. Nc3 O-O 8.
Be2 d6 9. f3 Nxd4 10. Bxd4 Be6 11. Qd2 Rc8 12. b3 a6 13. Rc1 Nh5 14. Be3 Qa5
15. Na4 Qxd2+ 16. Kxd2 Nf6 17. g4 Rc7 18. Nc3 Rfc8 19. Nd5 Nxd5 20. cxd5 Rxc1
21. Rxc1 Rxc1 22. Kxc1 Bd7 23. a4 f5 24. exf5 gxf5 25. h3 fxg4 26. fxg4 h5 27.
gxh5 Bxh3 28. Bf4 Bf5 29. Kd2 Kh7 30. a5 Bh6 31. Bxh6 Kxh6 32. Ke3 Kg5 33. h6
Kxh6 34. Kf4 Kg6 35. Bh5+ Kf6 36. Bf3 Bd7 37. Be4 e6 38. dxe6 Bc6 39. Bxc6 bxc6
40. e7 Kxe7 41. b4 Kf6 42. Ke4 Ke6 43. Kd4 Kf5 44. b5 cxb5 45. Kd5 Kf6 46. Kxd6
b4 47. Kc5 b3 48. Kb6 b2 49. Kxa6 b1=Q 50. Ka7 Qb5 51. a6 Ke7 0-1

[Event "Aberto Brasil - II Niterói Chess Open "]
[Site "Salão de Convenções do Hot"]
[Date "2022.09.04"]
[Round "6.74"]
[White "Da Rocha, Joao Batista Jose"]
[Black "Araujo, Barbara Ribeiro"]
[Result "1-0"]
[WhiteElo "1734"]
[BlackElo "1523"]
[PlyCount "87"]
[EventDate "2022.09.01"]
[EventRounds "9"]
[EventCountry "BRA"]

1. d4 Nf6 2. Nf3 g6 3. e3 Bg7 4. Be2 O-O 5. O-O b6 6. b3 Bb7 7. Bb2 c5 8. c4
cxd4 9. exd4 d5 10. Nbd2 dxc4 11. Nxc4 Nc6 12. a3 Nd5 13. Qd2 Qc7 14. g3 Rad8
15. Rac1 Qb8 16. Qe1 f6 17. Rd1 Bc8 18. Nh4 Bh3 19. Ng2 Nc7 20. Bf3 Nd5 21.
Nce3 e6 22. Nxd5 exd5 23. b4 Rfe8 24. Qd2 Be6 25. Rfe1 Qd6 26. Nf4 Bf7 27. Ng2
g5 28. Ne3 Bg6 29. Bxd5+ Kh8 30. Bg2 h6 31. Nc4 Qd7 32. d5 Ne7 33. d6 Nc8 34.
Rxe8+ Rxe8 35. b5 Bf7 36. Bc6 Rd8 37. Bxd7 Rxd7 38. Qd3 Kg8 39. Qf5 Rd8 40.
Bxf6 Bxf6 41. Qxf6 Rd7 42. Ne3 Bb3 43. Rd2 Ba4 44. Qe6+ 1-0

[Event "Aberto Brasil - II Niterói Chess Open "]
[Site "Salão de Convenções do Hot"]
[Date "2022.09.04"]
[Round "6.75"]
[White "Carrillo Marval, Maria Angelica"]
[Black "Catalan Gonzalez, Arturo"]
[Result "1-0"]
[WhiteElo "1734"]
[BlackElo "1442"]
[PlyCount "193"]
[EventDate "2022.09.01"]
[EventRounds "9"]
[EventCountry "BRA"]

1. e4 c5 2. Nf3 g6 3. d4 cxd4 4. Nxd4 Nc6 5. c4 Nf6 6. Nc3 Bg7 7. Be3 d6 8. Be2
Qb6 9. Nb3 Qc7 10. f3 O-O 11. O-O Be6 12. Rc1 a6 13. Qd2 Ne5 14. Nd5 Bxd5 15.
cxd5 Qd7 16. Qb4 b5 17. Rc2 Qd8 18. Rfc1 Ned7 19. Nd4 Nc5 20. Nc6 Qd7 21. Bxc5
dxc5 22. Qxc5 e6 23. d6 Ne8 24. e5 f6 25. f4 Kh8 26. Ne7 Bh6 27. Rf1 Rf7 28.
Bf3 Rb8 29. Bc6 Qd8 30. Be4 Qd7 31. Qc6 Qa7+ 32. Qc5 Qc7 33. Bc6 Qd8 34. g3 Bf8
35. Bxe8 Qxe8 36. Nc6 Rc8 37. Qb6 fxe5 38. fxe5 Bg7 39. Rxf7 Qxf7 40. Qf2 Qd7
41. Nd4 h5 42. Rxc8+ Qxc8 43. Qe3 Qd7 44. Nf3 Qc6 45. Ng5 Qd5 46. Nf3 Qxa2 47.
Qf4 Qb1+ 48. Kg2 Qc2+ 49. Nd2 Qc6+ 50. Nf3 Qd7 51. Nh4 Qc6+ 52. Kf2 Qc2+ 53.
Kf3 Qb3+ 54. Kg2 Qc2+ 55. Qf2 Qc6+ 56. Kg1 Qc1+ 57. Kg2 Qc6+ 58. Nf3 Bxe5 59.
d7 Bc7 60. Qd4+ e5 61. d8=Q+ Bxd8 62. Qxd8+ Kh7 63. Qe7+ Kg8 64. Qxe5 Qc2+ 65.
Kg1 Qc1+ 66. Ne1 Qd2 67. Qe6+ Kg7 68. Qe5+ Kg8 69. h4 Qa5 70. Qe6+ Kh7 71. Qf7+
Kh6 72. Qf4+ Kh7 73. Nf3 Qa1+ 74. Kg2 Qxb2+ 75. Kh3 Qg7 76. Ng5+ Kg8 77. Qd6
Qf8 78. Qxg6+ Qg7 79. Qxa6 Qd7+ 80. Qe6+ Qxe6+ 81. Nxe6 Kf7 82. Nc5 Kf6 83. g4
Kg6 84. gxh5+ Kxh5 85. Kg3 b4 86. Kh3 Kh6 87. Kg4 Kg6 88. Nb3 Kh6 89. h5 Kh7
90. Kg5 Kg7 91. Nd4 Kh7 92. h6 Kg8 93. Kg6 Kh8 94. Nf3 b3 95. Ng5 Kg8 96. h7+
Kh8 97. Nf7# 1-0

[Event "Aberto Brasil - II Niterói Chess Open "]
[Site "Salão de Convenções do Hot"]
[Date "2022.09.04"]
[Round "6.77"]
[White "Simas, Breno Matos"]
[Black "Campagnolo, Bruna"]
[Result "1-0"]
[WhiteElo "1749"]
[BlackElo "1393"]
[PlyCount "133"]
[EventDate "2022.09.01"]
[EventRounds "9"]
[EventCountry "BRA"]

1. d4 Nf6 2. c4 e6 3. Nf3 d5 4. g3 Be7 5. Bg2 O-O 6. O-O dxc4 7. Qc2 a6 8. a4
c5 9. Rd1 Nbd7 10. Qxc4 Qc7 11. b4 b6 12. Bf4 Bd6 13. Ne5 Nxe5 14. Bxe5 Ra7 15.
bxc5 bxc5 16. Bxd6 Qxd6 17. Qxc5 Qxc5 18. dxc5 Rc7 19. c6 e5 20. Nc3 Bf5 21.
Nd5 Nxd5 22. Bxd5 Rfc8 23. e4 Be6 24. Rab1 Kf8 25. Rb6 Ra8 26. Rdb1 Ke8 27.
Rb8+ Rxb8 28. Rxb8+ Ke7 29. Rb1 Kd6 30. Rd1 Kc5 31. f4 exf4 32. gxf4 Bxd5 33.
exd5 Kd6 34. Kf2 Re7 35. Kf3 f5 36. Kg3 Re4 37. a5 g6 38. Kf3 Rc4 39. h4 Rc3+
40. Ke2 Rc4 41. Ke3 Re4+ 42. Kf3 Rc4 43. Rd3 Re4 44. Rc3 Re8 45. Re3 Rc8 46.
Re5 Rb8 47. h5 Rb5 48. hxg6 hxg6 49. Kg3 Rxa5 50. Kh4 Rc5 51. Kg5 a5 52. Kxg6
a4 53. Kxf5 a3 54. Re1 Rxd5+ 55. Kg6 Kxc6 56. f5 a2 57. f6 Rd6 58. Kg7 Rd3 59.
f7 Rg3+ 60. Kf6 Rf3+ 61. Ke7 a1=Q 62. Rxa1 Re3+ 63. Kf8 Kd6 64. Rf1 Rg3 65. Ke8
Re3+ 66. Kd8 Rb3 67. f8=Q+ 1-0

[Event "Aberto Brasil - II Niterói Chess Open "]
[Site "Salão de Convenções do Hot"]
[Date "2022.09.04"]
[Round "6.78"]
[White "Pavao, Fabio Biasi"]
[Black "Silva, Juliana Figueira Th"]
[Result "1-0"]
[WhiteElo "1737"]
[BlackElo "1328"]
[PlyCount "131"]
[EventDate "2022.09.01"]
[EventRounds "9"]
[EventCountry "BRA"]

1. c4 Nf6 2. g3 g6 3. Bg2 Bg7 4. Nc3 d6 5. e3 O-O 6. Nge2 e5 7. O-O Nbd7 8. d4
Ne8 9. e4 f5 10. dxe5 dxe5 11. f4 Nef6 12. Qc2 fxe4 13. Nxe4 Qe7 14. fxe5 Nxe5
15. Bg5 Bf5 16. N2c3 c6 17. Qe2 Qc7 18. c5 Nxe4 19. Nxe4 Bxe4 20. Bxe4 Nd7 21.
Rad1 Kh8 22. b4 Nf6 23. Bg2 Rae8 24. Qc4 Qc8 25. Rde1 Qb8 26. Bf4 Qd8 27. Bd6
Rg8 28. Bh3 Rxe1 29. Rxe1 Re8 30. Re6 Nd5 31. Qe4 Rxe6 32. Bxe6 Nc3 33. Qf4 Nb5
34. Qf7 Nxd6 35. cxd6 Bd4+ 36. Kg2 Bf6 37. d7 b6 38. a4 a6 39. g4 b5 40. axb5
cxb5 41. Bd5 Bh4 42. Qe8+ Kg7 43. Qe6 Qf8 44. Qe5+ Kh6 45. Qe3+ Kg7 46. g5 Qd8
47. Qd4+ Kf8 48. Qxh4 Qxd7 49. Qf4+ Ke8 50. Qb8+ Ke7 51. Qb7 Kd6 52. Qxd7+ Kxd7
53. Bb7 a5 54. bxa5 b4 55. a6 Kc7 56. Kf3 Kb6 57. Kf4 b3 58. Ke5 b2 59. Be4
Kxa6 60. Kf6 Kb5 61. Kg7 h5 62. gxh6 Kc4 63. Kxg6 b1=Q 64. Bxb1 Kd4 65. h7 Ke5
66. h8=Q+ 1-0

[Event "Aberto Brasil - II Niterói Chess Open "]
[Site "Salão de Convenções do Hot"]
[Date "2022.09.04"]
[Round "6.81"]
[White "Fernandes, Joao Manoel Strauss"]
[Black "Fonseca, Marcelo Lobo"]
[Result "1-0"]
[WhiteElo "1688"]
[BlackElo "1800"]
[PlyCount "77"]
[EventDate "2022.09.01"]
[EventRounds "9"]
[EventCountry "BRA"]

1. e4 e5 2. Nf3 Nf6 3. Nc3 Bb4 4. Bc4 O-O 5. d3 d6 6. O-O Be6 7. Bb3 Nbd7 8.
Ne2 Bxb3 9. axb3 Re8 10. Ng3 Nf8 11. c3 Bc5 12. Be3 Bxe3 13. fxe3 d5 14. exd5
Nxd5 15. Qd2 c6 16. e4 Qb6+ 17. Qf2 Qxf2+ 18. Rxf2 Nf6 19. Nf5 Ng6 20. Nd6 Re7
21. Nc4 a6 22. Ra5 h6 23. Nfxe5 Nxe5 24. Rxe5 Rc7 25. h3 Rd8 26. d4 Nh7 27.
Ref5 g6 28. R5f4 Kg7 29. e5 Ng5 30. Nd6 Rf8 31. h4 Ne6 32. Rf6 b5 33. g4 c5 34.
d5 Nd8 35. e6 c4 36. b4 Nb7 37. Nxb7 Rxb7 38. d6 g5 39. e7 1-0

[Event "Aberto Brasil - II Niterói Chess Open "]
[Site "Salão de Convenções do Hot"]
[Date "2022.09.04"]
[Round "6.82"]
[White "Fernandes, Gabriel Bourdon"]
[Black "Da Silva, Jose Almir Martins"]
[Result "0-1"]
[WhiteElo "1201"]
[BlackElo "1912"]
[PlyCount "80"]
[EventDate "2022.09.01"]
[EventRounds "9"]
[EventCountry "BRA"]

1. c4 g6 2. Nc3 Bg7 3. g3 c6 4. Bg2 Nf6 5. e4 d6 6. d3 Nbd7 7. Nf3 O-O 8. O-O
h6 9. h3 Rb8 10. Be3 b6 11. Qd2 Kh7 12. Nh4 e5 13. f4 exf4 14. Bxf4 Ne5 15. Nf3
Nh5 16. Nxe5 dxe5 17. Be3 Nxg3 18. Rf3 Nh5 19. Raf1 Be6 20. b4 Nf4 21. Bxf4
exf4 22. Rxf4 Qd4+ 23. R1f2 Qxc3 24. Qxc3 Bxc3 25. e5 c5 26. Bd5 Bd4 27. bxc5
bxc5 28. Rxd4 cxd4 29. Kg2 Rbd8 30. Rf6 Rxd5 31. cxd5 Bxd5+ 32. Kg3 Re8 33. Rf4
Rxe5 34. Rxd4 Be6 35. Kf4 Ra5 36. a4 Kg7 37. Rd6 Rxa4+ 38. d4 Bxh3 39. Ke5 f6+
40. Rxf6 Ra5+ 0-1

[Event "Aberto Brasil - II Niterói Chess Open "]
[Site "Salão de Convenções do Hot"]
[Date "2022.09.04"]
[Round "6.83"]
[White "Matsura, Eduardo"]
[Black "Vaz, Vania Dora Madona"]
[Result "1-0"]
[WhiteElo "1692"]
[BlackElo "1240"]
[PlyCount "67"]
[EventDate "2022.09.01"]
[EventRounds "9"]
[EventCountry "BRA"]

1. b3 Nf6 2. Bb2 d5 3. g3 g6 4. Bg2 Bg7 5. e3 O-O 6. Ne2 Re8 7. d3 c5 8. Nd2 b6
9. O-O Nc6 10. h3 h5 11. Rb1 Bb7 12. a3 Qc7 13. Bxf6 Bxf6 14. Bxd5 e6 15. Bg2
Rad8 16. f4 Ne7 17. e4 Bg7 18. g4 hxg4 19. hxg4 f6 20. Qe1 e5 21. Qg3 Nc6 22.
g5 Qf7 23. fxe5 Nxe5 24. Nc4 Nxc4 25. bxc4 f5 26. Rbe1 Be5 27. Qh3 Qh7 28.
Qxh7+ Kxh7 29. exf5 Bxg2 30. Kxg2 Rf8 31. f6 Kg8 32. Rh1 Kf7 33. Rh7+ Ke6 34.
Re7+ 1-0

[Event "Aberto Brasil - II Niterói Chess Open "]
[Site "Salão de Convenções do Hot"]
[Date "2022.09.04"]
[Round "6.84"]
[White "Carlos, Roberta Souto"]
[Black "Tsai, Roberto Gong Wei"]
[Result "0-1"]
[WhiteElo "1686"]
[BlackElo "1790"]
[PlyCount "54"]
[EventDate "2022.09.01"]
[EventRounds "9"]
[EventCountry "BRA"]

1. e4 g6 2. d4 Bg7 3. Nf3 d6 4. Bc4 e6 5. O-O Ne7 6. c3 O-O 7. Bg5 b6 8. Nbd2
Bb7 9. Re1 Qd7 10. Nf1 Nbc6 11. a4 Na5 12. Ba2 Ba6 13. b4 Bxf1 14. Kxf1 Nb7 15.
Qd2 c5 16. Rad1 Rac8 17. dxc5 bxc5 18. b5 c4 19. Nd4 Na5 20. Bh6 d5 21. e5 Nb3
22. Bxb3 cxb3 23. Bxg7 Kxg7 24. Qb2 Rc4 25. Qxb3 Rfc8 26. Rc1 Qc7 27. Re3 Rxd4
0-1

[Event "Aberto Brasil - II Niterói Chess Open "]
[Site "Salão de Convenções do Hot"]
[Date "2022.09.04"]
[Round "6.85"]
[White "Valente, Gabriel Luis Cavalc"]
[Black "Motta, Vinicius Araujo Dia"]
[Result "0-1"]
[WhiteElo "1800"]
[BlackElo "1643"]
[PlyCount "58"]
[EventDate "2022.09.01"]
[EventRounds "9"]
[EventCountry "BRA"]

1. c4 Nf6 2. g3 e6 3. Bg2 d5 4. b3 Be7 5. Nf3 O-O 6. O-O dxc4 7. bxc4 Nbd7 8.
Nc3 Rb8 9. Bb2 b6 10. d3 Bb7 11. e4 Nc5 12. Ba3 Re8 13. e5 Nfd7 14. d4 Na6 15.
Bxe7 Qxe7 16. Re1 c5 17. d5 exd5 18. cxd5 Qd8 19. a3 Nc7 20. d6 Ne6 21. Bh3
Bxf3 22. Qxf3 Nd4 23. Qd1 Nxe5 24. f4 Nef3+ 25. Kf2 Rxe1 26. Qa4 Rxa1 27. d7 a5
28. Nb5 Ra2+ 29. Ke3 Qe7+ 0-1

[Event "Aberto Brasil - II Niterói Chess Open "]
[Site "Salão de Convenções do Hot"]
[Date "2022.09.04"]
[Round "6.87"]
[White "Souza, Dion Avalone"]
[Black "De Oliveira, Francemir Barra"]
[Result "0-1"]
[WhiteElo "1750"]
[BlackElo "1599"]
[PlyCount "154"]
[EventDate "2022.09.01"]
[EventRounds "9"]
[EventCountry "BRA"]

1. e4 e5 2. Nf3 Nc6 3. Bb5 Nf6 4. Nc3 d6 5. O-O a6 6. Bxc6+ bxc6 7. d4 Bg4 8.
h3 Bh5 9. dxe5 Bxf3 10. Qxf3 dxe5 11. Bg5 Be7 12. Qf5 Bd6 13. Bxf6 gxf6 14.
Rad1 Qe7 15. Rd3 O-O 16. Rf3 Kg7 17. Ne2 Rg8 18. Ng3 Kh8 19. Qxf6+ Qxf6 20.
Rxf6 Bc5 21. Rxf7 Rxg3 22. Rxc7 Rag8 23. Rxc6 Rxg2+ 24. Kh1 Bxf2 25. Rc8 Be3
26. Rxg8+ Rxg8 27. Rf6 Ra8 28. Re6 Bf4 29. Kg2 a5 30. Rb6 a4 31. a3 Rc8 32. c3
Rg8+ 33. Kf2 Rg3 34. h4 Rh3 35. Ke2 Re3+ 36. Kd1 Rxe4 37. Rb4 Re3 38. Rxa4 Rh3
39. Re4 Rxh4 40. a4 Rh6 41. a5 Rd6+ 42. Kc2 h5 43. Ra4 h4 44. a6 Rd8 45. b4 h3
46. Ra1 h2 47. b5 Be3 48. Rh1 Bg1 49. b6 Kg7 50. b7 e4 51. a7 Bxa7 52. Rxh2 Rb8
53. Rg2+ Kf6 54. Re2 e3 55. Kb3 Rxb7+ 56. Kc4 Ke5 57. Kd3 Kf4 58. Kc4 Kf3 59.
Re1 Kf2 60. Rh1 Rg7 61. Rh8 Rg3 62. Re8 e2 63. Rxe2+ Kxe2 64. Kb4 Rg4+ 65. Kb5
Kd3 66. c4 Rxc4 67. Ka6 Rb4 68. Kxa7 Kc4 69. Ka6 Kc5 70. Ka5 Rb7 71. Ka6 Rb5
72. Ka7 Kc6 73. Ka6 Kc5 74. Ka7 Rb6 75. Ka8 Kc6 76. Ka7 Kc7 77. Ka8 Ra6# 0-1